| 000 | 00440cam a2200157ua 4500 | ||
|---|---|---|---|
| 041 |
_aeng _h |
||
| 082 |
_a954 _bEDW/HI |
||
| 100 | _aEdwardes , Michael . | ||
| 245 |
_aHistory of India : from the earliest times to the present day / _cMichael Edwardes. _hTextual Documents |
||
| 260 |
_aMumbai : _bAsia publishing house , _c1961. |
||
| 300 | _a425 ; . | ||
| 504 | _a | ||
| 700 | 1 | _aEdwards, Michael . | |
| 942 | _cBK | ||
| 999 |
_c643 _d643 |
||